000 00688nam a2200193 a 4500
001 000019326
005 20200929170002.0
008 100624s1964 nyuab 000 0 eng d
040 _aDO-SdBNP
_bspa
_cBNPHU
082 _annnn
_bW361h
245 0 0 _aWe hold these truths... :
_ba documentary history of the United States /
_cWith introduction by Harold Earl Hammond.
260 _aNew York :
_bCambridge Book Co.,
_c1964.
300 _aviii, 1-376 p. :
_bil., maps ;
_c19 cm.
490 1 _a70 Great American Documents
504 _aIncluye notas al pie de las páginas.
700 1 _aHammond, Harold Earl,
_eintrod.
_941555
830 0 _a70 Great American Documents
_941556
049 _aBNGR
999 _c18843
_d18843